Statistics for Χάρτης της Ωκεανίας

Click here to take the quiz!

General Stats

  • This quiz has been taken 291 times
  • The average score is 7 of 16

Answers on the Map

Answers color-coded by a green-red scale on the quiz's map according to % correct below.
 

Answer Stats

Answer% Correct
Αυστραλία
98%
Νέα Ζηλανδία
83%
Παπούα Νέα Γουινέα
76%
Μικρονησία
48%
Νήσοι Σολομώντα
42%
Παλάου
41%
Γαλλική Πολυνησία
39%
Κιριμπάτι
39%
Νέα Καληδονία (Γαλλία)
38%
Νήσοι Μάρσαλ
37%
Ναουρού
36%
Φίτζι
34%
Σαμόα
34%
Βανουάτου
33%
Τόνγκα
29%
Τουβαλού
29%

Score Distribution

Percentile by Number Answered

Percent of People with Each Score

Your Score History

You have not taken this quiz